Dragon Ball Super: Most Eliminations in Tournament of Power - Statistics

General Stats
  • This quiz has been taken 738 times
    442 since last reset
  • The average score is 23 of 28
Answer Stats
Format Eliminations Character Team % Correct
Anime 16 Goku Universe 7
99%
Anime 14 Vegeta Universe 7
98%
Manga 2 Vegeta Universe 7
98%
Anime 3 Jiren Universe 11
95%
Manga 3 Jiren Universe 11
95%
Anime 8 Gohan Universe 7
93%
Manga 2 Gohan Universe 7
93%
Manga 10 Frieza Universe 7
92%
Manga 6 Android 17 Universe 7
91%
Anime 11 Frieza Universe 7
91%
Manga 2 Android 18 Universe 7
89%
Manga 2 Piccolo Universe 7
89%
Anime 4 Android 17 Universe 7
87%
Anime 3 Master Roshi Universe 7
87%
Manga 1 Master Roshi Universe 7
87%
Anime 5 Piccolo Universe 7
87%
Anime 6 Android 18 Universe 7
85%
Anime 2 Hit Universe 6
85%
Manga 16 Kale Universe 6
83%
Anime 5 Kale Universe 6
82%
Anime 3 Cabba Universe 6
78%
Manga 2 Cabba Universe 6
78%
Anime 2 Tien Universe 7
77%
Anime 4 Caulifla Universe 6
69%
Manga 7 Kefla Universe 6
68%
Manga 9 Frost Universe 6
54%
Manga 1 Damon Universe 4
15%
Manga 6 Gamisaras Universe 4
13%
No matching quizzes found
Score Distribution
Percent of People with Each Score
Percentile by Number Answered
Your Score History
You have not taken this quiz since the last reset